| 000 | 00409cam a2200169 a 4500 | ||
|---|---|---|---|
| 020 | _a0070565791 : | ||
| 040 | _cDLC | ||
| 082 | _a620 MCG 1990 A037 Or. | ||
| 100 | 1 | _aSherman, Frederick S., | |
| 245 | 1 | 0 | _aViscous flow / |
| 260 |
_aNew York : _bMcGraw-Hill, _cc1990 |
||
| 300 |
_axxi, 746 p. : _c24 cm |
||
| 500 | _aIncludes indexes | ||
| 650 | 0 | _aFluid dynamics | |
| 650 | 0 | _aViscous flow | |
| 942 | _cEK | ||
| 999 |
_c11436 _d11436 |
||